000 00759nam a22002417a 4500
003 UA-OsUOA
001 47854
007 ta
008 20121010b un ||||| |||| 00| 0 ukr d
100 _aДмитріюк В.
090 _a82-94
_bД53
942 _cBK
040 _aUA-OsUOA
_bukr
_cUA-OsUOA
_dUA-OsUOA
245 _aДорогами війни і миру
_bспомини з додатком матеріялів до історії сім'ї
300 _a160 с.
955 _a4
041 _aukr
080 _a82-94
260 _c2012
650 7 _a82 Література. Літературознавство
_2UDC
999 _c427953
_d427953